La vie d'Edith Piaf - Statistiques

Statistiques générales
  • Ce quiz a été pris 49 fois
  • Le résultat moyen est 5 sur 16
Statistiques - réponses
Hint Réponse % Correct
Musique avec une couleur dans le titre La vie en rose
88%
Lieu de Naissance Paris
82%
Année de Mort 1963
67%
Année de Naissance 1915
61%
Surnom La Môme Piaf
36%
Véritable nom de famille Gassion
27%
Morte à quelques heures d'intervalles de quel écrivain, cinéaste, poète français ? Jean Cocteau
24%
Musique la plus connue Non, je ne regrette rien
15%
Conjoint jusqu'à son décès Théo Sarapo
15%
Lieu de Sépulture Cimetière Père-Lachaise
9%
Père Louis Gassion
9%
Conjoint jusqu'à 1956 Jacques Pills
6%
Fille Marcelle Dupont
6%
Musique écrit par Charles Aznavour Plus bleu que tes yeux
6%
Cause de la Mort Rupture d'anévrisme
6%
Mère Line Marsa
0%
Aucun quiz correspondant
Distribution des résultats
% des personnes avec chaque résultat
Percentile par nombre de réponses
Votre historique - résultats
Vous n’avez pas pris ce quiz